000 00348nam a2200145Ia 4500
008 220805s9999 xx 000 0 und d
020 _a1-55166-807-6
041 _aeng
100 _aO' Brien, Meg
_988128
260 _aCanada
_bMira books
_c2001
245 _aGathering Lies
250 _a1
300 _a403
650 _aPshchology suspense
_988129
999 _c48525
_d48525